000 00750nam a2200241Ia 4500
003 OSt
005 20220930193937.0
006 a|||||r|||| 00| 0
007 ta
008 220926b |||||||| |||| 00| 0 eng d
024 _a12163
037 _cDissertations
040 _aCRL
_cCRL
_beng
041 _2eng
_aeng
100 _aSobhana S.
_9562823
110 _aUniversity of Delhi. Faculty of Science. Department of Physics and Astrophysics
_9519374
245 0 _aEquation of state for chain molecules in the condensed phase.
260 _c1970
650 _aPHYSICS
700 _aUniversity of Delhi. Faculty of Science. Department of Physics and Astrophysics
_9519380
942 _cDIS
_2CC
999 _c897118
_d897118